[Event "Ch India (w) (b)"]
[Site "masterchessopen.com - Chennai (India)"]
[Date "2011.07.04"]
[Round "4"]
[White "Mahalakshmi M (IND)"]
[Black "Shvetha V (IND)"]
[Result "1-0"]
[WhiteElo "1954"]
[BlackElo "1806"]

1.d4 e6 2.c4 Nf6 3.Nc3 c5 4.d5 d6 5.e4 exd5 6.cxd5 Be7 7.f4 Bg4 8.Be2 Bxe2
9.Qxe2 O-O 10.Nf3 Ne8 11.O-O Nc7 12.Be3 a6 13.Rad1 b5 14.e5 Nd7 15.Ne4 Nb6
16.exd6 Bxd6 17.b4 Nbxd5 18.Nxd6 Qxd6 19.Bxc5 Qg6 20.Bxf8 Nc3 21.Qe5 Nxd1
22.Rxd1 Qb6+ 23.Bc5 Qb7 24.Rd7 Rc8 25.Qe7 {#r} 1-0

[Event "Ch Australia"]
[Site "masterchessopen.com - North Geelong (Australia)"]
[Round "5"]
[White "Muller Jean (LUX)"]
[Black "Matheson Laurence (AUS)"]
[Result "1-0"]
[WhiteElo "2023"]
[BlackElo "2126"]

1.d4 Nf6 2.c4 e6 3.Nc3 c5 4.d5 exd5 5.cxd5 d6 6.e4 g6 7.Bd3 Bg7 8.h3 a6 9.a4
Nbd7 10.Nf3 Nh5 11.O-O Ne5 12.Be2 Nxf3+ 13.Bxf3 Qh4 14.Bxh5 gxh5 15.Kh2 Rg8
16.Qf3 c4 17.Qe3 Be5+ 18.Kh1 Bd7 19.Ne2 O-O-O 20.f4 Bf6 21.Bd2 Rg7 22.Be1 {#r}
1-0

[Event "Ch Vietnam (w)"]
[Site "masterchessopen.com - Can Tho (Vietnam)"]
[Date "2012.03.21"]
[Round "4"]
[White "Nguyen Thi Thanh An (VIE)"]
[Black "Le Thanh Tu (VIE)"]
[Result "1-0"]
[WhiteElo "2292"]
[BlackElo "2331"]

1.d4 c5 2.d5 Nf6 3.c4 e6 4.Nc3 exd5 5.cxd5 d6 6.e4 g6 7.Bd3 a6 8.a4 Bg7 9.h3
Nbd7 10.Nf3 Nh5 11.g4 Nhf6 12.Bf4 h5 13.g5 Nh7 14.Bxd6 Nxg5 15.Nxg5 Qxg5
16.Qd2 Qf6 17.Qf4 Qd4 18.Rd1 Qb4 19.O-O Qxb2 20.e5 Qxc3 21.Rfe1 Bh6 22.Qg3 Qb2
23.e6 h4 24.exf7+ {#r} 1-0

[Event "Ch Austria (juniors) (under 18)"]
[Site "masterchessopen.com - Untersiebenbrunn (Austria)"]
[Date "2012.04.03"]
[Round "4"]
[White "Schuh Manuel (AUT)"]
[Black "Kliegl Severin"]
[Result "1-0"]
[WhiteElo "1727"]
[BlackElo "1865"]

1.d4 Nf6 2.c4 c5 3.d5 e6 4.Nc3 exd5 5.cxd5 d6 6.e4 g6 7.h3 Bg7 8.Nf3 O-O 9.Bd3
b5 10.Nxb5 Nxe4 11.Bxe4 Re8 12.Ng5 h6 13.Ne6 Qa5+ 14.Nc3 Bxc3+ 15.bxc3 Bxe6
16.dxe6 Rxe6 17.O-O Rxe4 18.Qd5 {#r} 1-0

[Event "Tournament (qual-olympiad)"]
[Site "masterchessopen.com - El Bagre (Colombia)"]
[Date "2012.06.09"]
[Round "10"]
[White "Rios Cristian Camilo (COL)"]
[Black "Tovio Israel (COL)"]
[Result "1-0"]
[WhiteElo "2384"]
[BlackElo "2275"]

1.d4 Nf6 2.c4 c5 3.d5 e6 4.Nc3 exd5 5.cxd5 d6 6.e4 g6 7.Nge2 Bg7 8.Ng3 O-O
9.Bd3 a6 10.a4 Nbd7 11.O-O Qc7 12.f4 Re8 13.Qf3 c4 14.Bc2 Rb8 15.Be3 Nc5 16.h3
b5 17.axb5 axb5 18.e5 Nfd7 19.Nce4 Nxe4 20.Nxe4 dxe5 21.f5 f6 22.Ra7 Rb7 23.d6
Qb8 24.Rxb7 Bxb7 25.fxg6 hxg6 26.Qg4 Qd8 27.Qxg6 {#r} 1-0

[Event "Tournament (open)"]
[Site "masterchessopen.com - Rochinskiy (Russia)"]
[Date "2012.06.24"]
[Round "3"]
[White "Akhmadeev Valery (RUS)"]
[Black "Suslov Konstantin (RUS)"]
[Result "1-0"]
[WhiteElo "2091"]
[BlackElo "1790"]

1.d4 Nf6 2.c4 e6 3.Nc3 c5 4.d5 exd5 5.cxd5 d6 6.e4 g6 7.Bd3 Bg7 8.Nge2 O-O
9.O-O Re8 10.Ng3 Nbd7 11.h3 a6 12.a4 Ne5 13.Bc2 Rb8 14.f4 Nc4 15.Bd3 Na5
16.Be3 Kh8 17.Rb1 Qc7 18.Kh1 c4 19.Bc2 b5 20.axb5 axb5 21.e5 dxe5 22.fxe5 Ng8
23.d6 Qd7 24.Nce4 Bxe5 25.Bd4 f5 26.Bxe5+ Rxe5 {#r} 1-0

[Event "It (open)"]
[Site "masterchessopen.com - Philadelphia (USA)"]
[Date "2012.07.03"]
[Round "9"]
[White "Romanov Evgeny (RUS)"]
[Black "Smith Bryan G (USA)"]
[Result "1-0"]
[WhiteElo "2623"]
[BlackElo "2441"]

1.d4 Nf6 2.c4 c5 3.d5 e6 4.Nc3 exd5 5.cxd5 d6 6.e4 g6 7.Bd3 Bg7 8.Nge2 O-O
9.O-O Ng4 10.h3 Ne5 11.Bc2 Na6 12.f4 Nc4 13.b3 Na5 14.f5 b5 15.Bf4 Nb4 16.Bb1
c4 17.Be3 Bd7 18.Bd4 Bxd4+ 19.Nxd4 Qb6 20.Ne2 Rac8 21.Qd2 cxb3 22.Qh6 Bxf5
23.exf5 Nxd5 24.fxg6 fxg6 25.Bxg6 hxg6 26.Qxg6+ Kh8 27.Qh5+ {#r} 1-0

[Event "It (open)"]
[Site "masterchessopen.com - Figueres (Spain)"]
[Date "2012.08.11"]
[Round "3"]
[White "Dalo Hermes (VEN)"]
[Black "Soumya Swaminathan (IND)"]
[Result "0-1"]
[WhiteElo "2130"]
[BlackElo "2271"]

1.d4 Nf6 2.c4 c5 3.d5 e6 4.Nc3 exd5 5.cxd5 d6 6.e4 g6 7.f3 Bg7 8.Bg5 O-O 9.Qd2
a6 10.a4 Qa5 11.Rc1 Re8 12.Nge2 b5 13.axb5 axb5 14.Ng3 c4 15.Be2 Nbd7 16.O-O
Nc5 17.Qf4 Nfd7 18.Qh4 Nb3 19.Rc2 Nd4 20.Rd2 b4 21.Nb1 c3 22.bxc3 bxc3 23.Rd3
Nxe2+ 24.Nxe2 Ba6 25.Re3 c2 26.Ra3 cxb1=Q 27.Rxa5 Qb6+ {#R} 0-1

[Event "Ch Tatarstan"]
[Site "masterchessopen.com - Kazan (Russia)"]
[Date "2012.09.06"]
[Round "4"]
[White "Mirgazov Rinat (RUS)"]
[Black "Mullin Zufar (RUS)"]
[Result "1-0"]
[WhiteElo "2071"]
[BlackElo "1956"]

1.d4 Nf6 2.c4 e6 3.Nc3 c5 4.d5 exd5 5.cxd5 d6 6.e4 a6 7.a4 g6 8.f4 Bg7 9.Be2
O-O 10.Nf3 Bg4 11.O-O Bxf3 12.Bxf3 Ne8 13.Be3 f5 14.Qc2 fxe4 15.Nxe4 Nf6
16.Ng5 Re8 17.Ra3 Nbd7 18.Ne6 Qc8 19.f5 Ne5 20.fxg6 hxg6 21.Bf4 Nxf3+ 22.Raxf3
Nxd5 23.Nxg7 Kxg7 24.Bxd6 Qe6 25.Qxc5 {#r} 1-0